Deuda social: qué es, cuánto es, cómo se paga ?

Gardado en:
Detalles Bibliográficos
Formato: Libro
Idioma:Lingua castelá
Publicado: Santiago PREALC 1989
Subjects:
Tags: Engadir etiqueta
Sen Etiquetas, Sexa o primeiro en etiquetar este rexistro!

MARC

LEADER 00000nam a2200000 a 4500
001 UCW9706
003 CL-VaPUC
008 890612e19890000CL |||||||||||||||||spa|d
082 0 4 |a 339  |b DEU  |2 21 
245 1 0 |a Deuda social: qué es, cuánto es, cómo se paga ? 
300 |a 124 p 
942 |c BK 
945 |d 19890612 00:00:00 
260 |a Santiago  |b PREALC  |c 1989 
650 0 |a Pobreza  |9 258652 
650 0 |a Política económica   |9 255029 
651 0 |a América Latina   |9 255027 
583 |a last modification  |c 19890612 00:00:00  |k Rodrigo Vera 
999 |c 221610  |d 221608 
952 |0 0  |1 0  |4 0  |6 339_000000000000000_DEU_1989  |7 0  |8 A  |9 215252  |a BIBENE  |b BIBENE  |d 2019-11-15  |i 2836904  |o 339 DEU 1989  |p 2836904  |r 2025-01-15  |w 2019-11-15  |y BK  |k ICO